|
|
|
|
| LEADER |
00000nas a2200000 a 4500 |
| 001 |
ssj0001292 |
| 003 |
WaSeSS |
| 005 |
20200512172242.0 |
| 006 |
m d |
| 007 |
cr n |
| 008 |
870211d19871990nyumn p s 0 a0eng c |
| 010 |
|
|
|a 87649276
|z sn 87000248
|
| 016 |
7 |
|
|a 100910177
|2 DNLM
|
| 022 |
|
|
|l 0892-4090
|y 0892-4090
|
| 030 |
|
|
|a BUMOEL
|
| 032 |
|
|
|a 921160
|b USPS
|
| 035 |
|
|
|a (WaSeSS)ssj0001292
|
| 037 |
|
|
|b Business Month, 488 Madison Ave., New York, NY 10022
|
| 040 |
|
|
|a NSD
|b eng
|c NSD
|d NYG
|d HUL
|d NST
|d DLC
|d IUL
|d NST
|d NSD
|d DLC
|d NSD
|d NST
|d NSD
|d NST
|d IUL
|d HUL
|d BSS
|d NSD
|d NST
|d DLC
|d WAU
|d NLM
|d OCLCQ
|d LVB
|d AGL
|d OCLCQ
|d OCLCF
|d OCLCO
|d OCL
|d LHU
|d WaSeSS
|
| 042 |
|
|
|a nsdp
|a pcc
|
| 043 |
|
|
|a n-us---
|
| 050 |
0 |
0 |
|a HF1
|b .D8
|
| 070 |
0 |
|
|a 286.8
|b D92
|
| 072 |
|
0 |
|a X700
|
| 082 |
0 |
0 |
|a 330.973/005
|2 19
|
| 130 |
0 |
|
|a Business month (New York, N.Y.)
|
| 210 |
0 |
|
|a Bus. month
|b (N.Y.N.Y.)
|
| 222 |
|
0 |
|a Business month
|b (New York, N.Y.)
|
| 245 |
1 |
0 |
|a Business month
|h [electronic resource].
|
| 260 |
|
|
|a [New York, N.Y. :
|b Business Month Corp.,
|c c1987-
|
| 310 |
|
|
|a Monthly (except July and Aug. combined),
|b <July/Aug. 1988- >
|
| 362 |
0 |
|
|a [Vol. 129, no. 3] (Mar. 1987)-
|
| 362 |
1 |
|
|a Ceased with v. 136, no. 5, in Nov. 1990.
|
| 500 |
|
|
|a Title from cover.
|
| 500 |
|
|
|a Some issues published in editions differentiated by regional advertisements.
|
| 506 |
|
|
|a License restrictions may limit access.
|
| 648 |
|
7 |
|a 1981-2001
|2 fast
|
| 650 |
|
0 |
|a Industries
|z United States
|v Periodicals.
|
| 650 |
|
0 |
|a Securities
|z United States
|v Periodicals.
|
| 650 |
|
0 |
|a Business
|v Periodicals.
|
| 650 |
|
6 |
|a Affaires
|v Périodiques.
|
| 650 |
|
6 |
|a Industrie
|z États-Unis
|v Périodiques.
|
| 650 |
|
7 |
|a Business.
|2 fast
|0 (OCoLC)fst00842262
|
| 650 |
|
7 |
|a Commerce.
|2 fast
|0 (OCoLC)fst00869279
|
| 650 |
|
7 |
|a Economic history.
|2 fast
|0 (OCoLC)fst00901974
|
| 650 |
|
7 |
|a Industries.
|2 fast
|0 (OCoLC)fst00971852
|
| 650 |
|
7 |
|a Securities.
|2 fast
|0 (OCoLC)fst01110743
|
| 651 |
|
0 |
|a United States
|x Commerce
|v Periodicals.
|
| 651 |
|
0 |
|a United States
|x Economic conditions
|y 1981-2001
|v Periodicals.
|
| 651 |
|
6 |
|a États-Unis
|x Commerce
|v Périodiques.
|
| 651 |
|
6 |
|a États-Unis
|x Conditions économiques
|v Périodiques.
|
| 651 |
|
7 |
|a United States.
|2 fast
|0 (OCoLC)fst01204155
|
| 655 |
|
0 |
|a Electronic journals.
|
| 780 |
0 |
0 |
|t Dun's business month
|x 0279-3040
|w (DLC) 81646138
|w (OCoLC)7743854
|
| 850 |
|
|
|a AU
|a C
|a CU-Riv
|a CaNBFU
|a CaNBSaM
|a CaNSH
|a CaNSHD
|a CaOOL
|a CaOONL
|a CaOTU
|a CaOWA
|a DGW
|a DNAL
|a INS
|a In
|a KMK
|a KyLoU
|a MBU
|a MChB
|a MMeT
|a MiEM
|a MoKU
|a MsU
|a NN
|a NcWsW
|a NmU
|a NvU
|a OrU
|a RPB
|a ViBlbV
|a ViW
|a WvU
|
| 856 |
4 |
0 |
|z Full text available from Research Library: 12/01/1987 to 11/30/1990
|u https://search.proquest.com/publication/24957
|